000 00887nam a2200217Ii 4500
003 JO-AjNU
008 230605s9999||||xx |||||||||||||| ||und||
017 _a1439/5511
020 _a978-603-507-636-4
040 _aJO-AjNU
_bara
_erda
_cJO-AjNU
041 _aara
050 1 4 _aLB1044.87.T73 2018
100 3 _aتاليف Maloy, Robert W واخرون؛ ترجمة محمد احمد محمد الجبالي,
_eauthor
_959577
245 0 0 _aتحويل التعلم باستخدام التقتيات الحديثة
264 3 1 _aالرياض: دار جامعة الملك سعود للنشر، 2018
300 _a621ص
_bيحتوي على جدوال توضيحية ومراجع وفهرس
336 _atext
_btxt
_2rdacontent
337 _aunmediated
_bn
_2rdamedia
338 _avolume
_bnc
_2rdacarrier
650 4 _aتقتية التعليم-الوسائل التعليمية
_959578
999 _aA26817
_c30385
_d30385